<?xml version="1.0" encoding="UTF-8"?>
<record
    xmlns:xsi="http://www.w3.org/2001/XMLSchema-instance"
    xsi:schemaLocation="http://www.loc.gov/MARC21/slim http://www.loc.gov/standards/marcxml/schema/MARC21slim.xsd"
    xmlns="http://www.loc.gov/MARC21/slim">

  <leader>03358njm a2200481Ia 4500</leader>
  <controlfield tag="001">25680</controlfield>
  <controlfield tag="003">IT-RoPAU</controlfield>
  <controlfield tag="005">20220918181122.0</controlfield>
  <controlfield tag="008">131025s9999    xx            000 0 und d</controlfield>
  <datafield tag="040" ind1=" " ind2=" ">
    <subfield code="a">IT-RoPAU</subfield>
  </datafield>
  <datafield tag="040" ind1=" " ind2=" ">
    <subfield code="c">IT-RoPAU</subfield>
  </datafield>
  <datafield tag="999" ind1=" " ind2=" ">
    <subfield code="c">99876</subfield>
    <subfield code="d">99876</subfield>
  </datafield>
  <datafield tag="999" ind1=" " ind2=" ">
    <subfield code="b">n.d.</subfield>
  </datafield>
  <datafield tag="100" ind1=" " ind2=" ">
    <subfield code="a">AA.VV.</subfield>
    <subfield code="9">794</subfield>
  </datafield>
  <datafield tag="100" ind1=" " ind2=" ">
    <subfield code="e">Autore musica</subfield>
    <subfield code="9">13535</subfield>
  </datafield>
  <datafield tag="100" ind1=" " ind2=" ">
    <subfield code="g">Codice autore musica SPICS: 12000</subfield>
    <subfield code="9">796</subfield>
  </datafield>
  <datafield tag="245" ind1=" " ind2=" ">
    <subfield code="a">Bebop</subfield>
  </datafield>
  <datafield tag="250" ind1=" " ind2=" ">
    <subfield code="a">2a ed.</subfield>
  </datafield>
  <datafield tag="260" ind1=" " ind2=" ">
    <subfield code="a">MILANO</subfield>
  </datafield>
  <datafield tag="260" ind1=" " ind2=" ">
    <subfield code="b">MUSICA JAZZ</subfield>
    <subfield code="c">1982 [1a Ed.:]</subfield>
  </datafield>
  <datafield tag="300" ind1=" " ind2=" ">
    <subfield code="a">DISCO</subfield>
  </datafield>
  <datafield tag="300" ind1=" " ind2=" ">
    <subfield code="c">38 minuti (Testo:  pag.)</subfield>
  </datafield>
  <datafield tag="500" ind1=" " ind2=" ">
    <subfield code="a">Musica jazz. Disco fuori commercio allegato al n. 6 '82 della rivista  "Musica jazz". Bebop</subfield>
  </datafield>
  <datafield tag="505" ind1=" " ind2=" ">
    <subfield code="a">A Night in Tunisia I e II parte [(New York, Carnegie Hall, 29 settembre 1947) (Gillespie Dizzy) (6:00)] - Groovin' High I e II parte [(New York, Carnegie Hall, 29 settembre 1947) (Gillespie Dizzy) (6:00)] -  I Can't Get Started (Parigi, 9 febbraio 1953) (Gillespie Dizzy) (4:00)] - Good Bait [(Parigi, 9 febbraio 1953) (Gillespie Dizzy) (5:00)] - Quasimodo [(New York, 28 ottobre 1947) (Parker Charlie B.) (3:00)] - (Parker Charlie B.) (3:00)] - Embraceable You ](New York, 28 ottobre 1947) (Parker Charlie B.) (4:00)] - Scrapple From the Apple [(New York, 28 ottobre 1947) (Parker Charlie B.) (3:00)] - Don't Blame me [(New York, 28 ottobre 1947) (Parker Charlie B.) (3:00)] - Cool Blues [(New York, Carnegie Hall, 25 settembre 1954) (Parker Charlie B.) (3:00)] - Hallucinations (New York, Autunno 1964) (Powell Bud) (5:00)]</subfield>
  </datafield>
  <datafield tag="511" ind1=" " ind2=" ">
    <subfield code="a">Gillespie Dizzy: tr; Parker Charlie: alto; Lewis John: p; McKibbon Al: cb; Harris Joe: batt</subfield>
  </datafield>
  <datafield tag="511" ind1=" " ind2=" ">
    <subfield code="a">Gillespie Dizzy: tr; Graham Bill: alto e bar; Legge Wade: p; Hackney Lou: cb; Jones Al: batt</subfield>
  </datafield>
  <datafield tag="511" ind1=" " ind2=" ">
    <subfield code="a">Parker Charlie: alto; Davis Miles: tr; Johnsons J.J.: trne; Jordan Duke: p; Potter Tommy: cb; Roach Max: batt</subfield>
  </datafield>
  <datafield tag="511" ind1=" " ind2=" ">
    <subfield code="a">Parker Charlie: alto; Davis Miles: tr; Jordan Duke: p; Potter Tommy: cb; Roach Max: batt</subfield>
  </datafield>
  <datafield tag="511" ind1=" " ind2=" ">
    <subfield code="a">Parker Charlie: alto; Lewis John: p; Heath Percy: cb; Clarke Kenny: batt</subfield>
  </datafield>
  <datafield tag="511" ind1=" " ind2=" ">
    <subfield code="a">Powell Bud: p; Ore John: cb; Moses J.C.: batt</subfield>
  </datafield>
  <datafield tag="650" ind1=" " ind2=" ">
    <subfield code="a">JAZZ [DISCHI]</subfield>
    <subfield code="e">Codice MATERIA SPICS: 9950</subfield>
    <subfield code="9">13536</subfield>
  </datafield>
  <datafield tag="700" ind1=" " ind2=" ">
    <subfield code="a">Gillespie Dizzy</subfield>
    <subfield code="d">Codice autore musica SPICS: 10777</subfield>
    <subfield code="e">Autore musica</subfield>
    <subfield code="p">A Night in Tunisia I e II parte - Groovin' High I e II parte</subfield>
    <subfield code="9">13537</subfield>
  </datafield>
  <datafield tag="700" ind1=" " ind2=" ">
    <subfield code="a">Paparelli Frank</subfield>
    <subfield code="d">Codice autore SPICS: 18047</subfield>
    <subfield code="e">Autore</subfield>
    <subfield code="p">A Night in Tunisia I e II parte</subfield>
    <subfield code="9">13538</subfield>
  </datafield>
  <datafield tag="700" ind1=" " ind2=" ">
    <subfield code="a">Gershwin Ira</subfield>
    <subfield code="d">Codice autore musica SPICS: 10501</subfield>
    <subfield code="e">Autore musica</subfield>
    <subfield code="p">I Can't Get Started - Embraceable You</subfield>
    <subfield code="9">13539</subfield>
  </datafield>
  <datafield tag="700" ind1=" " ind2=" ">
    <subfield code="a">Duke Vernon</subfield>
    <subfield code="d">Codice autore SPICS: 16363</subfield>
    <subfield code="e">Autore</subfield>
    <subfield code="p">I Can't Get Started</subfield>
    <subfield code="9">13540</subfield>
  </datafield>
  <datafield tag="700" ind1=" " ind2=" ">
    <subfield code="a">Dameron Tadd</subfield>
    <subfield code="d">Codice autore musica SPICS: 10526</subfield>
    <subfield code="e">Autore musica</subfield>
    <subfield code="p">Good Bait</subfield>
    <subfield code="9">13541</subfield>
  </datafield>
  <datafield tag="700" ind1=" " ind2=" ">
    <subfield code="a">Basie Count</subfield>
    <subfield code="d">Codice autore SPICS: 10545</subfield>
    <subfield code="e">Autore</subfield>
    <subfield code="p">Good Bait</subfield>
    <subfield code="9">13542</subfield>
  </datafield>
  <datafield tag="700" ind1=" " ind2=" ">
    <subfield code="a">Parker Charlie (B.)</subfield>
    <subfield code="d">Codice autore musica SPICS: 10799</subfield>
    <subfield code="e">Autore musica</subfield>
    <subfield code="p">Quasimodo - Scrapple From the Apple - Cool Blues</subfield>
    <subfield code="9">13543</subfield>
  </datafield>
  <datafield tag="700" ind1=" " ind2=" ">
    <subfield code="a">Gershwin George</subfield>
    <subfield code="d">Codice autore musica SPICS: 10668</subfield>
    <subfield code="e">Autore musica</subfield>
    <subfield code="p">Embraceable You</subfield>
    <subfield code="9">13544</subfield>
  </datafield>
  <datafield tag="700" ind1=" " ind2=" ">
    <subfield code="a">Field Michel</subfield>
    <subfield code="d">Codice autore musica SPICS: 21814</subfield>
    <subfield code="e">Autore musica</subfield>
    <subfield code="9">13545</subfield>
  </datafield>
  <datafield tag="700" ind1=" " ind2=" ">
    <subfield code="a">McHugh Jimmy</subfield>
    <subfield code="d">Codice autore SPICS: 16297</subfield>
    <subfield code="e">Autore</subfield>
    <subfield code="p">Don't Blame me</subfield>
    <subfield code="9">13546</subfield>
  </datafield>
  <datafield tag="700" ind1=" " ind2=" ">
    <subfield code="a">Powell Bud</subfield>
    <subfield code="d">Codice autore musica SPICS: 10500</subfield>
    <subfield code="e">Autore musica</subfield>
    <subfield code="p">Hallucinations</subfield>
    <subfield code="9">13547</subfield>
  </datafield>
  <datafield tag="942" ind1=" " ind2=" ">
    <subfield code="c">MD</subfield>
    <subfield code="2">ddc</subfield>
  </datafield>
  <datafield tag="952" ind1=" " ind2=" ">
    <subfield code="0">0</subfield>
    <subfield code="1">0</subfield>
    <subfield code="4">0</subfield>
    <subfield code="6">25680_000000000000000</subfield>
    <subfield code="7">1</subfield>
    <subfield code="a">SPICS</subfield>
    <subfield code="b">SPICS</subfield>
    <subfield code="d">2013-10-25</subfield>
    <subfield code="l">0</subfield>
    <subfield code="o">25680</subfield>
    <subfield code="r">2013-10-25 00:00:00</subfield>
    <subfield code="w">2013-10-25</subfield>
    <subfield code="y">MD</subfield>
    <subfield code="z">Progr. Ins.: 5554 / N.Vol.: 1 / Copie: 1 - Copia rara: n.d. / date import: 01.01.2014 - By Epidotti, Trombetti, Vaglietti</subfield>
  </datafield>
</record>
